| 000 | 00577nam a2200181 i 4500 | ||
|---|---|---|---|
| 001 | 167972 | ||
| 003 | ES-MaACL | ||
| 005 | 20230906213638.0 | ||
| 008 | 050930s1863 fr |||| | fre d | ||
| 080 | _a94(438) | ||
| 100 | 1 |
_aWolowski, Casimir. _9133958 |
|
| 245 | 1 | 0 |
_aEtudes sur la Pologne / _cpar Casimir Wolowski. |
| 260 |
_aParis : _bCh. Douniol : _bA. Amyot, _c1863. |
||
| 300 |
_a270 p. ; _c21 cm. |
||
| 597 | _aContiene únicamente hasta la p. 128 | ||
| 651 | 4 |
_aPolonia- _xHistoria. _99240 |
|
| 852 | 4 |
_aES-MaACL _jT-88-F-10 _z- Enc. hol., falto de cub. original |
|
| 999 |
_c167972 _d167972 |
||